[Event "AUT-ch U10"]
[Site "Velden"]
[Date "2014.06.21"]
[Round "6"]
[White "Linhart, Clemens"]
[Black "Loreth, Thomas"]
[Result "0-1"]
[WhiteElo "1176"]
[BlackElo "1275"]
[PlyCount "130"]
[EventDate "2014.06.20"]
[EventType "swiss"]
[EventRounds "7"]
[EventCountry "AUT"]
[SourceTitle "EXT 2016"]
[Source "ChessBase"]
[SourceDate "2015.10.08"]
[SourceVersion "1"]
[SourceVersionDate "2015.10.08"]
[SourceQuality "1"]

1. d4 d5 2. Nc3 c5 3. e3 Nc6 4. Nf3 Nf6 5. Bb5 e6 6. Ne5 Bd7 7. Bxc6 Bxc6 8. Bd2 Qb6 9. Nxc6 bxc6 10. Bc1 Bd6 11. 0-0 Qc7 12. g3 h5 13. Qf3 h4 14. b3 hxg3 15. fxg3 Kd7 16. Ba3 Qa5 17. Na4 cxd4 18. Bxd6 Kxd6 19. exd4 Qd2 20. Qf4+ Qxf4 21. Rxf4 Rab8 22. Nc5 Rb4 23. c3 Rb5 24. a4 Rbb8 25. b4 Rh5 26. Re1 Rh6 27. Rf2 Rf8 28. Rf4 Rh5 29. Nb7+ Kc7 30. Nc5 Kd6 31. Nd3 Ne4 32. Rc1 f5 33. g4 Rg5 34. h3 Rf6 35. Ne5 fxg4 36. Rxf6 gxh3+ 37. Kh2 gxf6 38. Nf7+ Kd7 39. Nxg5 Nxg5 40. Rg1 Nf3+ 41. Kh1 Nxg1 42. Kxg1 Kd6 43. Kh2 e5 44. Kxh3 e4 45. Kg3 Ke6 46. Kf4 Ke7 47. c4 dxc4 48. Kxe4 Ke6 49. b5 cxb5 50. axb5 f5+ 51. Kf4 Kd5 52. Ke3 f4+ 53. Kxf4 Kxd4 54. Kf3 Kd3 55. Kf2 Kd2 56. b6 axb6 57. Kf3 c3 58. Kf2 c2 59. Kf3 c1Q 60. Kf2 Qc3 61. Kf1 Qe3 62. Kg2 Ke2 63. Kh2 Qg5 64. Kh1 Kf2 65. Kh2 Qg2# 0-1

[Event "AUT-ch U10"]
[Site "Velden"]
[Date "2014.06.20"]
[Round "1"]
[White "Linhart, Clemens"]
[Black "Kristoferitsch, Daniel"]
[Result "0-1"]
[WhiteElo "1176"]
[BlackElo "1377"]
[PlyCount "60"]
[EventDate "2014.06.20"]
[EventType "swiss"]
[EventRounds "7"]
[EventCountry "AUT"]
[SourceTitle "EXT 2016"]
[Source "ChessBase"]
[SourceDate "2015.10.08"]
[SourceVersion "1"]
[SourceVersionDate "2015.10.08"]
[SourceQuality "1"]

1. e4 e5 2. Nf3 Nc6 3. Bb5 a6 4. Bxc6 dxc6 5. Nxe5 Qd4 6. Nd3 Qxe4+ 7. Qe2 Qxe2+ 8. Kxe2 Bd6 9. f3 Be6 10. Nf2 Nf6 11. d3 h6 12. Be3 0-0-0 13. Ne4 Nxe4 14. fxe4 Rhf8 15. h3 f5 16. Nc3 b5 17. a3 a5 18. Nd1 fxe4 19. dxe4 Bc4+ 20. Kd2 Bg3+ 21. Kc1 Rf1 22. Rxf1 Bxf1 23. b4 a4 24. Bf2 Be5 25. Ra2 Bc4 26. Bh4 g5 27. Bg3 Bxg3 28. Rb2 Bf4+ 29. Ne3 Bxe3+ 30. Kb1 Rd1# 0-1

[Event "AUT-ch U08"]
[Site "Schladming"]
[Date "2012.06.10"]
[Round "7.1"]
[White "Strobl, Samuel"]
[Black "Linhart, Clemens"]
[Result "1/2-1/2"]
[WhiteElo "1250"]
[BlackElo "1141"]
[PlyCount "70"]
[EventDate "2012.06.08"]
[EventType "swiss"]
[EventRounds "7"]
[EventCountry "AUT"]
[SourceTitle "EXT 2024"]
[Source "ChessBase"]
[SourceDate "2023.10.10"]
[SourceVersion "1"]
[SourceVersionDate "2023.10.10"]
[SourceQuality "1"]

1. d4 d5 2. c4 c6 3. e3 e6 4. Nc3 Nf6 5. Nf3 Nbd7 6. Bd3 Bd6 7. 0-0 0-0 8. Re1 dxc4 9. Bxc4 b5 10. Bd3 Bb7 11. e4 e5 12. dxe5 Nxe5 13. Nxe5 Bxe5 14. f4 Bd4+ 15. Be3 Bxe3+ 16. Rxe3 Qd4 17. Qe2 b4 18. Nd1 Bc8 19. h3 Rb8 20. e5 Nd5 21. Qh5 h6 22. Qf3 Nxe3 23. Qxe3 Qxe3+ 24. Nxe3 Rd8 25. Rd1 b3 26. a3 Rd4 27. Bh7+ Kxh7 28. Rxd4 Ba6 29. Kf2 c5 30. Ra4 Rb6 31. Nd5 Rg6 32. f5 Rc6 33. f6 gxf6 34. Nxf6+ Kg7 35. Nh5+ Kg6 1/2-1/2